000 00492nam a2200181Ia 4500
005 20250508152110.0
008 008 250505s9999 xx 000 0 eng d
037 _aTextual
040 _aFEDL
_beng
_cFEDL
041 _aeng
_2eng
084 _a379.173, GOL
_qFEDL
100 _aGoldman Joan M
_9760747
245 0 _aSchool in our village
260 _aLondon, UK
_bB T Batsford Ltd.
_c1957
300 _a136p.
942 _cTEXL
_h379.173, GOL
999 _c1334240
_d1334240